| 000 | 00759 a2200217 4500 | ||
|---|---|---|---|
| 999 |
_c25762 _d25762 |
||
| 005 | 20190305161955.0 | ||
| 008 | 080826t xxu||||| |||| 00| 0beng d | ||
| 010 | _aB-284293 | ||
| 020 |
_a8175300558 _c275.00 |
||
| 035 | _aB-284293, B-167173, B-213937,B-213951 | ||
| 037 | _bAakar | ||
| 040 |
_adpl _bEnglish |
||
| 082 | _aN | ||
| 100 | _aBirjepatil, Jaysinh | ||
| 245 |
_aChinnery's hotel / _cby Jaysinh Birjepatil |
||
| 260 |
_aNew Delhi _bRavi Dayal Publishers _c2004 |
||
| 270 |
_a51-E, Sujan singh Park _e110 003 _bNew Delhi |
||
| 300 |
_axi, 261p. _c23cm. (Hb) |
||
| 942 |
_adpl _cEN _2ddc _hN _mBRI |
||